| 000 | 00663nab#a2200229#c#4500 | ||
|---|---|---|---|
| 999 |
_c87959 _d87959 |
||
| 003 | IEF | ||
| 005 | 20191211121204.0 | ||
| 008 | 950704s1975 uuu|| #####0 b| |u | ||
| 040 |
_aIEF _cES-MaIEF |
||
| 100 | 1 |
_aLasarte Álvarez, Javier _925040 |
|
| 245 |
_aAdam Smith ante la Inquisición y la Academia de la Historia _c Javier Lasarte |
||
| 260 | _c1975 | ||
| 500 | _aBibliografía | ||
| 650 | 4 |
_aSMITH, ADAM (1723-1790) _948447 |
|
| 650 | 4 |
_aINQUISICION _947424 |
|
| 650 | 4 |
_aESPAÑA _941092 |
|
| 650 | 4 |
_aCRITICA E INTERPRETACION _941528 |
|
| 773 | 0 |
_tHacienda pública española _w34570 _g33, p. 201-242 |
|
| 942 | _2udc | ||
| 942 | _2udc | ||